| 000 | 00635nam a2200193Ia 4500 | ||
|---|---|---|---|
| 008 | 151119s9999||||xx |||||||||||||| ||und|| | ||
| 082 | _a923.254 | ||
| 082 | _bGKKV24649 | ||
| 100 | _aटेनी नंदकुमार | ||
| 245 | _aशिवसेना प्रमुख | ||
| 260 | _aमुंबई | ||
| 260 | _bआविष्कार पब्लीकेशन | ||
| 260 | _c0 | ||
| 600 | _aटेनी नंदकुमार | ||
| 630 | _aशिवसेना प्रमुख | ||
| 700 | _aटेनी नंदकुमार | ||
| 730 | _aशिवसेना प्रमुख | ||
| 942 | _cBOOK | ||
| 999 |
_c1077219 _d1077216 |
||